| 000 -LEADER | |
|---|---|
| fixed length control field | 00362nam a22001337a 4500 |
| 020 ## - INTERNATIONAL STANDARD BOOK NUMBER | |
| ISBN | 0801620961 |
| 050 ## - LIBRARY OF CONGRESS CALL NUMBER | |
| Classification number | RC 802 dou |
| 100 ## - MAIN ENTRY--AUTHOR NAME | |
| Personal name | DOUGHTY, Dorothy B |
| 245 ## - TITLE STATEMENT | |
| Title | Gastrointestinal disorders |
| 260 ## - PUBLICATION, DISTRIBUTION, ETC. (IMPRINT) | |
| Place of publication | St. Louis |
| Name of publisher | Mosby |
| Year of publication | 1993 |
| 300 ## - PHYSICAL DESCRIPTION | |
| Number of Pages | x, 358 pages : illustrations (some color): references: index |
| 700 ## - ADDED ENTRY--PERSONAL NAME | |
| Personal name | JACKSON, Debra Broadwell |
| 942 ## - ADDED ENTRY ELEMENTS (KOHA) | |
| Koha item type | Books |
| Koha item type | Collection code | Shelving location | Accession Number | Permanent Location | Current Location | Date acquired | Full call number |
|---|---|---|---|---|---|---|---|
| Books | Reference | Reference | 3620 | Chapman Library | Chapman Library | 2017-02-09 | RC 802 dou |

